<?xml version="1.0" encoding="UTF-8"?>
<record
    xmlns:xsi="http://www.w3.org/2001/XMLSchema-instance"
    xsi:schemaLocation="http://www.loc.gov/MARC21/slim http://www.loc.gov/standards/marcxml/schema/MARC21slim.xsd"
    xmlns="http://www.loc.gov/MARC21/slim">

  <leader>00950nam a2200277Ia 4500</leader>
  <controlfield tag="003">OSt</controlfield>
  <controlfield tag="005">20250830093655.0</controlfield>
  <controlfield tag="008">210210b2000   xxu||||| |||| 00| 0 eng d</controlfield>
  <datafield tag="040" ind1=" " ind2=" ">
    <subfield code="c">AL</subfield>
  </datafield>
  <datafield tag="041" ind1=" " ind2=" ">
    <subfield code="a">Kannada</subfield>
  </datafield>
  <datafield tag="082" ind1=" " ind2=" ">
    <subfield code="a">K494.3 SHES</subfield>
  </datafield>
  <datafield tag="100" ind1=" " ind2=" ">
    <subfield code="a">SHESHAGIRIRAV (L S).</subfield>
    <subfield code="d">&#xCB6;&#xCC7;&#xCB7;&#xC97;&#xCBF;&#xCB0;&#xCBF;&#xCB0;&#xCBE;&#xCB5;&#xCCD; (&#xC8E;&#xCB2;&#xCCD; &#xC8E;&#xCB8;&#xCCD;)</subfield>
    <subfield code="9">237547</subfield>
  </datafield>
  <datafield tag="245" ind1=" " ind2=" ">
    <subfield code="a">Subhas kannada-kannada-english and english-kannada nighantu</subfield>
    <subfield code="b">&#xCB8;&#xCC1;&#xCAD;&#xCBE;&#xCB7;&#xCCD; &#xC95;&#xCA8;&#xCCD;&#xCA8;&#xCA1; - &#xC95;&#xCA8;&#xCCD;&#xCA8;&#xCA1; - &#xC87;&#xC82;&#xC97;&#xCCD;&#xCB2;&#xCBF;&#xCB7;&#xCCD; &#xCAE;&#xCA4;&#xCCD;&#xCA4;&#xCC1; &#xC87;&#xC82;&#xC97;&#xCCD;&#xCB2;&#xCBF;&#xCB7;&#xCCD;- &#xC95;&#xCA8;&#xCCD;&#xCA8;&#xCA1; &#xCA8;&#xCBF;&#xC98;&#xC82;&#xC9F;&#xCC1;</subfield>
  </datafield>
  <datafield tag="250" ind1=" " ind2=" ">
    <subfield code="a">3</subfield>
  </datafield>
  <datafield tag="260" ind1=" " ind2=" ">
    <subfield code="a">Bangalore.</subfield>
    <subfield code="b">Subhas Stationers.,</subfield>
    <subfield code="c">2000</subfield>
  </datafield>
  <datafield tag="300" ind1=" " ind2=" ">
    <subfield code="a">694</subfield>
  </datafield>
  <datafield tag="650" ind1=" " ind2=" ">
    <subfield code="a">Subhas</subfield>
    <subfield code="9">237548</subfield>
  </datafield>
  <datafield tag="650" ind1=" " ind2=" ">
    <subfield code="a">nighantu.</subfield>
    <subfield code="9">237549</subfield>
  </datafield>
  <datafield tag="650" ind1=" " ind2=" ">
    <subfield code="a">kannada-kannada-english</subfield>
    <subfield code="9">237550</subfield>
  </datafield>
  <datafield tag="650" ind1=" " ind2=" ">
    <subfield code="a">english-kannada</subfield>
    <subfield code="9">237551</subfield>
  </datafield>
  <datafield tag="650" ind1=" " ind2=" ">
    <subfield code="a">Ed</subfield>
    <subfield code="9">237552</subfield>
  </datafield>
  <datafield tag="650" ind1=" " ind2=" ">
    <subfield code="a">3.</subfield>
    <subfield code="9">237553</subfield>
  </datafield>
  <datafield tag="690" ind1=" " ind2=" ">
    <subfield code="a">Kannada Dictionary</subfield>
    <subfield code="9">237554</subfield>
  </datafield>
  <datafield tag="906" ind1=" " ind2=" ">
    <subfield code="a">057017</subfield>
  </datafield>
  <datafield tag="942" ind1=" " ind2=" ">
    <subfield code="2">ddc</subfield>
    <subfield code="c">BK</subfield>
  </datafield>
  <datafield tag="999" ind1=" " ind2=" ">
    <subfield code="c">104227</subfield>
    <subfield code="d">104227</subfield>
  </datafield>
  <datafield tag="952" ind1=" " ind2=" ">
    <subfield code="0">0</subfield>
    <subfield code="1">0</subfield>
    <subfield code="2">ddc</subfield>
    <subfield code="4">0</subfield>
    <subfield code="7">0</subfield>
    <subfield code="8">KAN</subfield>
    <subfield code="a">AL</subfield>
    <subfield code="b">AL</subfield>
    <subfield code="d">2021-02-17</subfield>
    <subfield code="e">U R Shenoy &amp; Sons, Mangalore.</subfield>
    <subfield code="g">150.00</subfield>
    <subfield code="l">0</subfield>
    <subfield code="o">K494.3 SHES</subfield>
    <subfield code="p">057017</subfield>
    <subfield code="r">2021-02-17 00:00:00</subfield>
    <subfield code="w">2021-02-17</subfield>
    <subfield code="y">BK</subfield>
  </datafield>
  <datafield tag="952" ind1=" " ind2=" ">
    <subfield code="0">0</subfield>
    <subfield code="1">0</subfield>
    <subfield code="2">ddc</subfield>
    <subfield code="4">0</subfield>
    <subfield code="7">0</subfield>
    <subfield code="8">KAN</subfield>
    <subfield code="a">AL</subfield>
    <subfield code="b">AL</subfield>
    <subfield code="d">2021-02-17</subfield>
    <subfield code="e">School Book Company, Mangalore.</subfield>
    <subfield code="g">165.00</subfield>
    <subfield code="l">0</subfield>
    <subfield code="o">K494.3 SHES</subfield>
    <subfield code="p">058039</subfield>
    <subfield code="r">2021-02-17 00:00:00</subfield>
    <subfield code="w">2021-02-17</subfield>
    <subfield code="y">BK</subfield>
  </datafield>
</record>
